000 00697nam a2200205Ii 4500
003 JO-AjNU
008 230605s9999||||xx |||||||||||||| ||und||
017 _a2009/9/3878
040 _aJO-AjNU
_bara
_erda
_cJO-AjNU
041 _aara
050 1 4 _aPJ8058.Q224 2009
100 3 _aقطامي،سمير,
_eauthor
_923104
245 0 0 _aالحركة الأدبية في شرق الأردن منذ قيام الإمارة حتى سنة 1948
264 3 1 _aعمان:وزارة الثقافة،2009
300 _a325ص
336 _atext
_btxt
_2rdacontent
337 _aunmediated
_bn
_2rdamedia
338 _avolume
_bnc
_2rdacarrier
650 4 _aالأدب العربي - شرق الأردن
_923105
999 _aA8306
_c11874
_d11874